<?xml version="1.0" encoding="UTF-8"?>
<record
    xmlns:xsi="http://www.w3.org/2001/XMLSchema-instance"
    xsi:schemaLocation="http://www.loc.gov/MARC21/slim http://www.loc.gov/standards/marcxml/schema/MARC21slim.xsd"
    xmlns="http://www.loc.gov/MARC21/slim">

  <leader>02023nam a2200289Ia 4500</leader>
  <controlfield tag="001">G9643</controlfield>
  <controlfield tag="003">IT-RoPAU</controlfield>
  <controlfield tag="008">130308s9999    xx            000 0 und d</controlfield>
  <datafield tag="040" ind1=" " ind2=" ">
    <subfield code="a">IT-RoPAU</subfield>
  </datafield>
  <datafield tag="040" ind1=" " ind2=" ">
    <subfield code="c">IT-RoPAU</subfield>
  </datafield>
  <datafield tag="041" ind1=" " ind2=" ">
    <subfield code="a">ITALIANO</subfield>
  </datafield>
  <datafield tag="100" ind1=" " ind2=" ">
    <subfield code="a">Corti Maria</subfield>
  </datafield>
  <datafield tag="100" ind1=" " ind2=" ">
    <subfield code="g">Codice Aut. SPICS:  7780</subfield>
  </datafield>
  <datafield tag="245" ind1=" " ind2=" ">
    <subfield code="a">Nuovi metodi e fantasmi</subfield>
  </datafield>
  <datafield tag="245" ind1=" " ind2=" ">
    <subfield code="b">Nuovi Metodi e Fantasmi</subfield>
  </datafield>
  <datafield tag="250" ind1=" " ind2=" ">
    <subfield code="a">3a ed.</subfield>
  </datafield>
  <datafield tag="260" ind1=" " ind2=" ">
    <subfield code="a">MILANO</subfield>
  </datafield>
  <datafield tag="260" ind1=" " ind2=" ">
    <subfield code="b">Feltrinelli</subfield>
  </datafield>
  <datafield tag="260" ind1=" " ind2=" ">
    <subfield code="c">2001 [1&#xB0; Ed.:1969 - Ed.Ling.Originale:1969]</subfield>
  </datafield>
  <datafield tag="300" ind1=" " ind2=" ">
    <subfield code="a">"494 p. (prefazione: no ; testo: 494 [pagine: 0-0])"</subfield>
  </datafield>
  <datafield tag="500" ind1=" " ind2=" ">
    <subfield code="a">"Trittico per Fenoglio: Il Partigiano Capovolto, un Nuovo Anello della Catena, costanti e varianti Narrative. romano Bilenchi Ovvero Connotazione toscana e Denotazione Italiana. ""Esposizione sopra Dante"" di Eugenio Montale. Nuova Vita interdisciplinare della Critica. Orecchie della ""Neocritica"". Lingua e Scrittori Oggi. Dialetti in Appalto. Parlante Come Protagonista. Prosa: Passato e Prsente. Uno Scrittore in Cerca della Lingua. Problema della Lingua nel Romanticismo Italiano. Passero solitario in Arcadia. Il Servo Elia. Un Grammatico e Il Sistema Classificatorio nel Cinquecento. da un convento Veneto a un castello Piacentino: l'autore del ""Delfilo"" Non &#xE8; Francescocolonna. Codice Bucolico e L'""Arcadia"" di Jacobo Sannazaro. Rivoluzione e Creazione stilistica nel Sannazaro. per un fantasma di Meno. con Manzoni All'Osteria della Luna Piena. Nascita e Crescita di un Romanzo inedito di romano Bilenchi. La Poesia di Dante Letta da Quattro Poeti del Novecento. Il Partigiano Johnny: Genesi e Storia, Struttura, Tematiche e Contenuti, Modelli e Fonti, Valutazione Critica e Linguistico Stilistica. Nuovi Metodi Dellacritica (Anni 60 e 70). Storia della Lingua e Storia Letteraria. utopia della Lingua Pura. Europa Come ""Luogo Mentale"" e I ""Mondi Possibili"" della Letteratura."</subfield>
  </datafield>
  <datafield tag="650" ind1=" " ind2=" ">
    <subfield code="a">SAGGI DI LINGUISTICA</subfield>
  </datafield>
  <datafield tag="650" ind1=" " ind2=" ">
    <subfield code="e">Codice materia Spics: 3207</subfield>
  </datafield>
  <datafield tag="942" ind1=" " ind2=" ">
    <subfield code="c">BK</subfield>
  </datafield>
  <datafield tag="957" ind1=" " ind2=" ">
    <subfield code="7">1</subfield>
  </datafield>
  <datafield tag="999" ind1=" " ind2=" ">
    <subfield code="c">88035</subfield>
    <subfield code="d">88035</subfield>
  </datafield>
  <datafield tag="999" ind1=" " ind2=" ">
    <subfield code="g">1</subfield>
  </datafield>
  <datafield tag="952" ind1=" " ind2=" ">
    <subfield code="0">0</subfield>
    <subfield code="1">0</subfield>
    <subfield code="4">0</subfield>
    <subfield code="6">G_000000000000000_9643</subfield>
    <subfield code="7">1</subfield>
    <subfield code="a">SPICS</subfield>
    <subfield code="b">SPICS</subfield>
    <subfield code="d">2013-03-08</subfield>
    <subfield code="l">0</subfield>
    <subfield code="o">G9643</subfield>
    <subfield code="r">2013-03-08 00:00:00</subfield>
    <subfield code="w">2013-03-08</subfield>
    <subfield code="y">BK</subfield>
    <subfield code="z">Progressivo inserimento:  4164 /  N. Volumi: 1 Copie: 1  / data import: 1 marzo 2013 - By Epidotti, Trombetti, Vaglietti. </subfield>
  </datafield>
</record>
